Départements ayant les plus fortes densités - Mort Subite - Statistiques

Statistiques générales
  • Ce quiz a été pris 46 fois
  • Le résultat moyen est 10 sur 20
Statistiques - réponses
Densité
(habitants/km²)
Département % Correct
20 720 Paris
97%
5 702 Val-de-Marne
79%
6 918 Seine-Saint-Denis
76%
9 200 Hauts-de-Seine
71%
994 Val-d'Oise
71%
719 Essonne
65%
631 Yvelines
65%
239 Seine-et-Marne
62%
454 Nord
59%
400 Bouches-du-Rhône
53%
572 Rhône
53%
253 Alpes-Maritimes
38%
220 Pas-de-Calais
29%
238 Bas-Rhin
26%
342 La Réunion
26%
682 Mayotte
26%
238 Guadeloupe
18%
327 Martinique
18%
233 Territoire de Belfort
18%
219 Haute-Garonne
12%
Aucun quiz correspondant
Distribution des résultats
% des personnes avec chaque résultat
Percentile par nombre de réponses
Votre historique - résultats
Vous n’avez pas pris ce quiz